=LDR 00000nam 2200000 4500 =001 INLIS000000000015811 =005 20130612111102 =008 ***********************************Ind** =035 ##$$0010-061300000015811 =041 ##$$a Ind =082 ##$$a 028.55 =090 ##$$a 028.55, cah m =100 ##$$a Cahyono,NE.Budi =245 ##$$a membuat Aneka Buah Jambu Air dalam Satu Pohon, NE.Budi Cahyono =260 ##$$a 1995 $b Jakarta =300 ##$$a 56 hlm, ils, 21cm =650 ##$$a bacaan Kanak-kanak =850 ##$$a NBPNMAT